|
|
|
|
| LEADER |
00000nab a2200000 a 4500 |
| 001 |
vtls008427375 |
| 003 |
SK-MaSNL |
| 005 |
20260304140104.0 |
| 008 |
250505c2005 xo mr|p|||||||000 b|slo |
| 015 |
|
|
|a SNBRB2006/02
|2 snkbucl
|
| 035 |
|
|
|a (uuid)c7a1e97e-ea11-43b5-9ce2-34adb81459a8
|
| 035 |
|
|
|a urn:nbn:sk:snk-abf4nh
|
| 035 |
|
|
|a (urnnbn)urn:nbn:sk:snk:ar-a09nuj
|
| 038 |
|
|
|a SNKBUCL
|
| 040 |
|
|
|a SNKBUCL
|b slo
|c SNKBUCL
|e AACR2
|
| 041 |
1 |
|
|a slo
|a eng
|h eng
|
| 044 |
|
|
|a xo
|c SK
|
| 080 |
|
|
|a 329.12
|2 1997
|
| 080 |
|
|
|a 321.7
|2 1997
|
| 080 |
|
|
|a 141.7
|2 1997
|
| 100 |
1 |
|
|a Abrahám, Samuel,
|d 1960-
|4 ivr
|4 aut
|9 78899
|
| 245 |
1 |
0 |
|a Na otázky Samuela Abraháma a Egona Gála odpovedajú ...
|c John Hall ; z anglického originálu preložil Emil Višňovský
|
| 246 |
3 |
1 |
|a Questions posed by Samuel Abrahám and Egon Gál are responsed by ...
|
| 300 |
|
|
|b Fotogr.
|
| 546 |
|
|
|a Súbežný názov a text v angličtine
|
| 650 |
0 |
7 |
|a liberalizmus
|2 snkbucl
|9 17721
|
| 650 |
0 |
7 |
|a liberálna demokracia
|2 snkbucl
|9 247415
|
| 655 |
|
7 |
|a ankety
|2 snkbucl
|9 54526
|
| 700 |
1 |
|
|a Hall, John
|4 ive
|9 1271777
|
| 700 |
1 |
|
|a Gál, Egon,
|d 1940-
|4 ivr
|9 203575
|
| 700 |
1 |
|
|a Višňovský, Emil,
|d 1956-
|4 trl
|9 108257
|
| 773 |
0 |
|
|t Kritika & Kontext
|g Roč. X, č. 29 (2005), s. 42-47
|x 1335-1710
|
| 850 |
|
|
|a Slovenská národná knižnica
|
| 852 |
|
|
|a Slovenská národná knižnica
|
| 954 |
|
|
|a odborná, vedecká literatúra pôvodná (slovenská)
|2 lita
|
| 958 |
|
|
|a article2022
|
| 958 |
|
|
|a OND
|
| 958 |
|
|
|a EUIPO
|
| 999 |
|
|
|c 2913541
|d 2915471
|